000 00514 a2200169 4500
008 121030b xxu||||| |||| 00| 0 eng d
020 _a9966040021
050 _a JX 1662.M93 2009
100 _a Mwagiru , Makumi
245 _aDocuments of diplomacy :
_cMakumi Mwagiru
250 _a1st ed.
260 _c2009
_bInstitute of Diplomacy and International Studies
_aNairobi,Kenya
300 _avii,108p.
440 _aIDIS Publications on International Studies .5.
500 _aincludes index
942 _cBK
_2lcc
999 _c41398
_d41398